Performance art in practice : pedagogical approaches /

Bibliographic Details
Other Authors: Korkeaoja, Aapo, 1978- (Editor), Arlander, Annette, 1956- (Editor), Nauha, Tero (Editor)
Format: Book
Language:English
Published: Bristol ; Chicago, IL : Intellect Books, 2023.
Subjects:

MARC

Tag First Indicator Second Indicator Subfields
LEADER 00000cam a2200000 i 4500
001 in00005465430
008 230519s2023 enka b 000 0 eng d
005 20250318224000.6
020 |a 9781789388541 
020 |a 1789388546 
020 |z 9781789388565  |q ePub ebook 
020 |z 9781789388558  |q PDF ebook 
035 |a (OCoLC)on1381123863 
035 |a (OCoLC)1381123863 
040 |a UKMGB  |b eng  |e rda  |c UKMGB  |d BDX  |d OCLCF  |d OCLCQ  |d OCLCO  |d U3W  |d OCLCO  |d YDX 
050 4 |a NX456.5.P38  |b P4713 2023 
082 0 4 |a 702.81  |2 23 
245 0 0 |a Performance art in practice :  |b pedagogical approaches /  |c Aapo Korkeaoja (edit.) [Annette Arlander, Tero Nauha]. 
264 1 |a Bristol ;  |a Chicago, IL :  |b Intellect Books,  |c 2023. 
300 |a 189 pages :  |b illustrations (black and white) ;  |c 21 cm 
336 |a text  |2 rdacontent  |b txt 
336 |a still image  |2 rdacontent 
337 |a unmediated  |2 rdamedia  |b n 
338 |a volume  |2 rdacarrier  |b nc 
504 |a Includes bibliographical references. 
650 0 |a Performance art  |x Study and teaching. 
650 6 |a Art de performance.  |0 (CaQQLa)201-0001476 
650 7 |a performance art.  |2 aat  |0 (CStmoGRI)aat300121445 
650 7 |a Performance art  |x Study and teaching  |2 fast  |0 (OCoLC)fst01057856 
650 7 |a Performance art.  |2 homoit  |0 https://homosaurus.org/v3/homoit0001102 
650 7 |a Art and Design.  |2 ukslc 
700 1 |a Korkeaoja, Aapo,  |d 1978-  |e editor.  |1 https://isni.org/isni/0000000484105271 
700 1 |a Arlander, Annette,  |d 1956-  |e editor.  |1 https://isni.org/isni/000000035628560X 
700 1 |a Nauha, Tero,  |e editor. 
776 0 8 |i ebook version :  |z 9781789388565 
852 8 |b pda,print  |z This title is available for the library to purchase for your use. Click the "Purchase It For Me" button to place a request. This item may take 5-10 business days to arrive. 
955 |a Print PDA title 
961 |m 565730 
999 f f |s 24450058-0b81-4e06-b514-c2a30f2caf40  |i 8b27a399-2ffc-4d0f-a09d-6f181e8a481a  |t 0 
952 f f |a Texas A&M University  |b College Station  |c Sterling C. Evans Library  |d Purchase on Demand  |t 0  |e NX456.5.P38 P4713 2023  |h Library of Congress classification 
998 f f |a NX456.5.P38 P4713 2023  |t 0  |l Purchase on Demand